[Event "Junior Online 4NCL Division 5"]
[Site "online"]
[Date "2020.06.04"]
[Round "8.245"]
[White "Das, Anish"]
[Black "Kapoor, Devansh"]
[Result "0-1"]
[WhiteElo "887"]
[BlackElo "1067"]
[PlyCount "52"]
[EventDate "2020.06.04"]
[WhiteTeam "Blue Foxes 1"]
[BlackTeam "Uxbridge Juniors B1"]

1. e4 e6 2. Bc4 Bc5 3. d4 Bb6 4. Nf3 c6 5. Bg5 f6 6. Bf4 d5 7. exd5 cxd5 8.
Bb5+ Bd7 9. a4 a6 10. Bd3 Nc6 11. c3 Nge7 12. Bd6 O-O 13. g4 Re8 14. g5 Nf5 15.
Na3 Nxd6 16. g6 h6 17. Nh4 f5 18. f4 Qxh4+ 19. Kd2 Qxf4+ 20. Kc2 Na5 21. Rf1
Bxa4+ 22. b3 Bxb3+ 23. Kb2 Qxh2+ 24. Nc2 Bxc2 25. Bxc2 Nac4+ 26. Kc1 Ne3 0-1

[Event "Junior Online 4NCL Division 5"]
[Site "online"]
[Date "2020.06.04"]
[Round "8.246"]
[White "Mangalagiri, Pranav"]
[Black "Das, Aman"]
[Result "1-0"]
[WhiteElo "970"]
[BlackElo "850"]
[PlyCount "47"]
[EventDate "2020.06.04"]
[WhiteTeam "Uxbridge Juniors B1"]
[BlackTeam "Blue Foxes 1"]

1. e4 e6 2. d4 d5 3. e5 Qh4 4. Nf3 Qe4+ 5. Be3 Bb4+ 6. c3 Be7 7. Bd3 Qg4 8. O-O
Nf6 9. exf6 Bxf6 10. h3 O-O 11. hxg4 h5 12. gxh5 Rd8 13. Ne5 Rd7 14. Nxd7 Bg5
15. Bxg5 Na6 16. Ne5 Bd7 17. Nxd7 Nb8 18. Qf3 a5 19. Ne5 Ra6 20. Qxf7+ Kh8 21.
Ng6+ Kh7 22. Qf8 e5 23. Ne7+ Rg6 24. Bxg6# 1-0

[Event "Junior Online 4NCL Division 5"]
[Site "online"]
[Date "2020.06.04"]
[Round "8.251"]
[White "Parizad, Anjal"]
[Black "Goldsmith, Henry"]
[Result "1-0"]
[WhiteElo "1000"]
[BlackElo "778"]
[PlyCount "61"]
[EventDate "2020.06.04"]
[WhiteTeam "Leicestershire Juniors 4"]
[BlackTeam "Rhydypenau Raiders"]

1. e4 e5 2. Nf3 Nc6 3. Nc3 Nf6 4. d3 Bc5 5. Be3 d6 6. Be2 Bg4 7. d4 exd4 8.
Nxd4 Bxe2 9. Ncxe2 Nxe4 10. O-O Nf6 11. Qd3 O-O 12. Bg5 Bxd4 13. Nxd4 Ne5 14.
Qh3 Re8 15. Nf5 Qe7 16. Nxe7+ Rxe7 17. Qg3 Ne4 18. Qh4 Nxg5 19. Qxg5 f6 20. Qg3
Rd8 21. Rae1 Kf7 22. Qh4 Ng6 23. Qxh7 Rxe1 24. Rxe1 Nf8 25. Qh5+ Kg8 26. Re7 g6
27. Qh6 Ne6 28. Rxe6 Kf7 29. Re4 f5 30. Qh7+ Kf6 31. Qe7# 1-0

[Event "Junior Online 4NCL Division 5"]
[Site "online"]
[Date "2020.06.04"]
[Round "8.252"]
[White "Morgan, Emyr"]
[Black "Miles, Jacob"]
[Result "1/2-1/2"]
[WhiteElo "757"]
[BlackElo "1022"]
[PlyCount "204"]
[EventDate "2020.06.04"]
[WhiteTeam "Rhydypenau Raiders"]
[BlackTeam "Leicestershire Juniors 4"]

1. e4 e5 2. Nf3 Nc6 3. Nc3 Nf6 4. Bc4 Bc5 5. Ng5 Rf8 6. O-O Qe7 7. Re1 d6 8.
Kf1 Bg4 9. f3 Be6 10. Bxe6 fxe6 11. f4 exf4 12. e5 dxe5 13. Nb5 O-O-O 14. c4 f3
15. Qxf3 Nd7 16. Qxf8 Rxf8+ 17. Nf3 Nd4 18. Nbxd4 exd4 19. d3 Rxf3+ 20. Kg1 Qh4
21. Re2 Rf2 22. Rxf2 Bd6 23. g3 Qg4 24. Bf4 Bb4 25. a3 Ba5 26. b4 Bb6 27. Re1
Nf8 28. Be5 Ng6 29. Ref1 Nxe5 30. Rf8+ Kd7 31. c5 Bxc5 32. bxc5 Nxd3 33. R1f7+
Kc6 34. Rg8 Ne5 35. Rfxg7 Ng6 36. Rxh7 Qd1+ 37. Kg2 Ne5 38. Rh6 Qf3+ 39. Kh3
Qf1+ 40. Kh4 Nf3+ 41. Kh5 Qh3+ 42. Kg6 Qf5+ 43. Kg7 Qg5+ 44. Kh7 Qf5+ 45. Kg7
Qe5+ 46. Kf8 Ng5 47. Rhg6 Qf5+ 48. Ke8 Qf7+ 49. Kd8 Nh7 50. R6g7 Qh5 51. Rh8
Qg5+ 52. Rxg5 Nxg5 53. Rh5 Nf7+ 54. Ke8 Nd6+ 55. Kf8 Ne4 56. g4 Nf6 57. Rg5
Nd7+ 58. Ke7 Nxc5 59. h4 Ne4 60. Rg8 Nc3 61. g5 Nd5+ 62. Kf7 Kd7 63. h5 Nf4 64.
g6 Nxh5 65. g7 Nxg7 66. Rxg7 Kc6 67. Rg1 Kc5 68. Rc1+ Kb5 69. Rb1+ Ka4 70. Ra1
b5 71. Kxe6 b4 72. axb4+ Kxb4 73. Rb1+ Kc3 74. Rc1+ Kd2 75. Rc4 d3 76. Rd4 Ke3
77. Ke5 c5 78. Rd5 c4 79. Ra5 c3 80. Ra1 c2 81. Re1+ Kd2 82. Ra1 c1=Q 83. Rxc1
Kxc1 84. Kd4 d2 85. Kc5 d1=Q 86. Kc6 Qh5 87. Kb7 Qb5+ 88. Kxa7 Kc2 89. Ka8 Kc3
90. Ka7 Qa5+ 91. Kb7 Kc4 92. Kc6 Qb5+ 93. Kd6 Qc5+ 94. Ke6 Kd4 95. Kf6 Qe5+ 96.
Kf7 Qd6 97. Kg7 Ke5 98. Kf7 Kf5 99. Kg7 Kg5 100. Kf7 Kf5 101. Kg7 Qe6 102. Kf8
Kf6 1/2-1/2

[Event "Junior Online 4NCL Division 5"]
[Site "online"]
[Date "2020.06.04"]
[Round "8.253"]
[White "Fowkes, Holly"]
[Black "Kong, Emma"]
[Result "0-1"]
[WhiteElo "1000"]
[BlackElo "599"]
[PlyCount "66"]
[EventDate "2020.06.04"]
[WhiteTeam "Leicestershire Juniors 4"]
[BlackTeam "Rhydypenau Raiders"]

1. e4 e5 2. Nf3 Nc6 3. Bc4 Nf6 4. O-O Bc5 5. c3 d6 6. d4 exd4 7. cxd4 Bb4 8. e5
dxe5 9. dxe5 Qxd1 10. Rxd1 Ne4 11. e6 Bxe6 12. Bg5 Bxc4 13. a3 Bc5 14. b4 Bd6
15. Re1 Bd5 16. Nc3 O-O 17. Nxd5 Nxg5 18. Nxg5 Nd4 19. Re4 Nc2 20. Rc1 Nxa3 21.
Rh4 h6 22. Ne4 Be5 23. f4 Bd4+ 24. Kf1 Rfe8 25. Nxc7 Rxe4 26. Nxa8 g5 27. Rh5
Kg7 28. fxg5 hxg5 29. Rxg5+ Kf6 30. Rg8 Be3 31. Re1 Nc2 32. Re2 Nd4 33. Re1
Rf4# 0-1

[Event "Junior Online 4NCL Division 5"]
[Site "online"]
[Date "2020.06.04"]
[Round "8.254"]
[White "Greenman, Max"]
[Black "Sehgal, Garv"]
[Result "0-1"]
[WhiteElo "561"]
[BlackElo "782"]
[PlyCount "126"]
[EventDate "2020.06.04"]
[WhiteTeam "Rhydypenau Raiders"]
[BlackTeam "Leicestershire Juniors 4"]

1. e4 e5 2. Nf3 Nc6 3. Bb5 Nf6 4. d3 Bc5 5. O-O O-O 6. Bxc6 dxc6 7. Nxe5 Bd6 8.
Nc4 b5 9. Nxd6 Qxd6 10. Re1 Qe5 11. d4 Qh5 12. Qd3 Ng4 13. Bf4 Nf6 14. Qg3 Bg4
15. e5 Nd5 16. Nc3 Nxf4 17. f3 Nxg2 18. Qxg2 Bxf3 19. Qg3 Qg4 20. Qxg4 Bxg4 21.
Re4 Bf5 22. Re2 b4 23. Ne4 Rae8 24. Rae1 f6 25. exf6 Rxe4 26. Rxe4 Bxe4 27.
Rxe4 Rxf6 28. Re8+ Kf7 29. Ra8 Rd6 30. Rxa7 Rxd4 31. Rxc7+ Ke6 32. Rxg7 h5 33.
Rg6+ Kf5 34. Rxc6 Rd1+ 35. Kf2 Rd2+ 36. Ke3 Rxh2 37. a3 b3 38. cxb3 Rxb2 39. a4
Rxb3+ 40. Kd4 Rb4+ 41. Kc5 Rxa4 42. Rh6 h4 43. Kd6 Kg5 44. Rh8 Ra3 45. Rg8+ Kh5
46. Rh8+ Kg4 47. Ke5 h3 48. Ke4 Rf3 49. Rg8+ Kh4 50. Rh8+ Kg3 51. Rg8+ Kf2 52.
Rh8 Re3+ 53. Kf4 Rf3+ 54. Ke4 Rg3 55. Rf8+ Kg2 56. Rh8 h2 57. Kf4 Rf3+ 58. Kg4
Rg3+ 59. Kf4 Rh3 60. Rg8+ Kf2 61. Kg4 Rg3+ 62. Kf4 Rxg8 63. Ke4 h1=Q+ 0-1

[Event "Junior Online 4NCL Division 5"]
[Site "online"]
[Date "2020.06.04"]
[Round "8.255"]
[White "Goldsmith, Henry"]
[Black "Parizad, Anjal"]
[Result "1-0"]
[WhiteElo "778"]
[BlackElo "1000"]
[PlyCount "43"]
[EventDate "2020.06.04"]
[WhiteTeam "Rhydypenau Raiders"]
[BlackTeam "Leicestershire Juniors 4"]

1. e4 e5 2. Nf3 Nf6 3. Nxe5 Qe7 4. Nf3 Nxe4 5. d3 Nf6+ 6. Be3 d5 7. Nc3 Be6 8.
Bf4 Nc6 9. d4 Qd8 10. Bb5 Bd6 11. Bxc6+ bxc6 12. Bxd6 Qxd6 13. O-O Ng4 14. h3
Nf6 15. Re1 O-O 16. Qd3 Rab8 17. Rab1 c5 18. Ng5 Bd7 19. Ne2 Rbe8 20. Ng3 a6
21. Nh5 Nxh5 22. Qxh7# 1-0

[Event "Junior Online 4NCL Division 5"]
[Site "online"]
[Date "2020.06.04"]
[Round "8"]
[White "Miles, Jacob"]
[Black "Morgan, Emyr"]
[Result "0-1"]
[WhiteElo "1022"]
[BlackElo "757"]
[PlyCount "30"]
[EventDate "2020.06.04"]
[WhiteTeam "Leicestershire Juniors 4"]
[BlackTeam "Rhydypenau Raiders"]

1. e4 e5 2. Nf3 Nc6 3. Bc4 Nf6 4. Nc3 Bc5 5. Ng5 O-O 6. O-O d5 7. exd5 Nxd5 8.
d4 Nxc3 9. Qh5 Bf5 10. g4 Bxc2 11. Bb3 Bd3 12. Bc4 Bc2 13. Bd2 h6 14. Bxc3 hxg5
15. Qxg5 Qxg5 0-1

[Event "Junior Online 4NCL Division 5"]
[Site "online"]
[Date "2020.06.04"]
[Round "8.1"]
[White "Kong, Emma"]
[Black "Fowkes, Holly"]
[Result "1-0"]
[WhiteElo "599"]
[BlackElo "1000"]
[PlyCount "31"]
[EventDate "2020.06.04"]
[WhiteTeam "Rhydypenau Raiders"]
[BlackTeam "Leicestershire Juniors 4"]

1. e4 e5 2. Nf3 Nc6 3. Nc3 Bc5 4. Bc4 Nf6 5. d3 O-O 6. Bg5 d6 7. Nd5 h6 8.
Nxf6+ gxf6 9. Bxh6 Re8 10. Nh4 f5 11. exf5 Qxh4 12. Qd2 e4 13. O-O-O exd3 14.
g3 Qxc4 15. Qg5+ Kh7 16. Qg7# 1-0

[Event "Junior Online 4NCL Division 5"]
[Site "online"]
[Date "2020.06.04"]
[Round "8.2"]
[White "Sehgal, Garv"]
[Black "Greenman, Max"]
[Result "1-0"]
[WhiteElo "782"]
[BlackElo "561"]
[PlyCount "117"]
[EventDate "2020.06.04"]
[WhiteTeam "Leicestershire Juniors 4"]
[BlackTeam "Rhydypenau Raiders"]

1. e4 e5 2. Nf3 Nc6 3. Bc4 Bc5 4. Ng5 Qxg5 5. d4 Qxg2 6. Rg1 Qxe4+ 7. Be3 exd4
8. Nd2 Qe5 9. Nf3 Qh5 10. Qe2 dxe3 11. fxe3 Bb4+ 12. c3 Ne5 13. Bd5 Nxf3+ 14.
Bxf3 Qh4+ 15. Rg3 Bd6 16. Qf2 Bxg3 17. hxg3 Qf6 18. O-O-O Ne7 19. g4 O-O 20. e4
Qf4+ 21. Kb1 d6 22. c4 Bxg4 23. Qh4 Bxf3 24. Qxf4 Bxd1 25. Qg5 f6 26. Qd2 Bh5
27. Qb4 c5 28. Qxb7 Bf3 29. Qxe7 Rfe8 30. Qxd6 Bxe4+ 31. Kc1 Rac8 32. Qd7 Bc6
33. Qxa7 Re1+ 34. Kd2 Rce8 35. Qxc5 R8e2+ 36. Kc3 Rc1+ 37. Kb3 Be4 38. Qc8+ Kf7
39. Qd7+ Kg6 40. Qg4+ Kf7 41. Qxe2 Bg6 42. Qd2 Rc2 43. Qd5+ Ke7 44. Qb7+ Ke6
45. Qxg7 Rg2 46. Qg8+ Ke5 47. Qd5+ Kf4 48. Qxg2 Kf5 49. Qf3+ Kg5 50. c5 h5 51.
c6 Bf5 52. Qg3+ Kh6 53. Qf4+ Kg7 54. Qxf5 h4 55. c7 h3 56. Qxh3 f5 57. c8=Q f4
58. Qcf5 Kg8 59. Qhg4+ 1-0

[Event "Junior Online 4NCL Division 5"]
[Site "online"]
[Date "2020.06.04"]
[Round "8.5"]
[White "Sapsford, Oliver"]
[Black "Rahamim, Liad"]
[Result "1-0"]
[WhiteElo "1359"]
[BlackElo "1195"]
[PlyCount "65"]
[EventDate "2020.06.04"]
[WhiteTeam "Entangled States"]
[BlackTeam "May the Fork Be With You 3"]

1. e4 e5 2. Nf3 Nc6 3. Bb5 d6 4. d4 Bd7 5. d5 Nce7 6. Qe2 Nf6 7. Nc3 g6 8. Be3
Bg7 9. O-O O-O 10. Bg5 c6 11. dxc6 bxc6 12. Bc4 Rb8 13. Rab1 Qa5 14. Rfd1 Nc8
15. Nd2 Bg4 16. f3 Qb6+ 17. Be3 Qc7 18. fxg4 Qd7 19. h3 Nb6 20. Bb3 d5 21. exd5
cxd5 22. Bg5 d4 23. Nce4 Nxe4 24. Nxe4 Qc6 25. Rf1 Nd7 26. Qf3 Rb4 27. Nf6+
Bxf6 28. Qxc6 Bxg5 29. Qxd7 Rbb8 30. Bxf7+ Rxf7 31. Qxf7+ Kh8 32. Rbe1 Rxb2 33.
Qf8# 1-0

[Event "Junior Online 4NCL Division 5"]
[Site "online"]
[Date "2020.06.04"]
[Round "8.6"]
[White "Durling, Charlie"]
[Black "Watkins, Gabby"]
[Result "0-1"]
[WhiteElo "1105"]
[BlackElo "1045"]
[PlyCount "84"]
[EventDate "2020.06.04"]
[WhiteTeam "May the Fork Be With You 3"]
[BlackTeam "Entangled States"]

1. d4 d5 2. c4 e6 3. Nc3 Nf6 4. Bg5 Be7 5. Nf3 O-O 6. e3 Nbd7 7. cxd5 exd5 8.
Bb5 c6 9. Ba4 b5 10. Bc2 Bb7 11. O-O g6 12. Qd3 Re8 13. a4 b4 14. Ne2 a5 15.
Rac1 Ba6 16. Qd2 Qc7 17. Bf4 Qb7 18. Bd3 Rac8 19. Bxa6 Qxa6 20. Ng3 c5 21. b3
c4 22. bxc4 dxc4 23. Rc2 c3 24. Qc1 Nd5 25. e4 Nxf4 26. Qxf4 b3 27. Rcc1 c2 28.
Qd2 Nf6 29. Rfe1 Bb4 30. Qe2 Bxe1 31. Qxe1 b2 32. Rxc2 Rxc2 33. Ne2 Rxe4 34.
Qb1 Qxe2 35. h3 Rc1+ 36. Qxc1 bxc1=Q+ 37. Kh2 Qf4+ 38. Kh1 Qf1+ 39. Ng1 Q1xf2
40. Nf3 Qf1+ 41. Ng1 Re1 42. g3 Qxg1# 0-1

[Event "Junior Online 4NCL Division 5"]
[Site "online"]
[Date "2020.06.04"]
[Round "8.7"]
[White "Wynn, Lewis"]
[Black "Barbier-Ramaiah, Rohan Theo"]
[Result "1-0"]
[WhiteElo "966"]
[BlackElo "1052"]
[PlyCount "39"]
[EventDate "2020.06.04"]
[WhiteTeam "Entangled States"]
[BlackTeam "May the Fork Be With You 3"]

1. e4 e5 2. Nf3 Nc6 3. Bc4 Be7 4. O-O Nf6 5. Nc3 Nxe4 6. Nxe4 d5 7. Bb5 dxe4 8.
Bxc6+ bxc6 9. Nxe5 Qd5 10. Qh5 O-O 11. d3 exd3 12. cxd3 Bb7 13. Qg4 f5 14. Qg3
Bd6 15. Bh6 Bxe5 16. Qg5 Bxb2 17. Rad1 c5 18. Rd2 Bc3 19. h3 Bxd2 20. Qxg7# 1-0

[Event "Junior Online 4NCL Division 5"]
[Site "online"]
[Date "2020.06.04"]
[Round "8.8"]
[White "Sharma, Krish"]
[Black "Rees, Jack"]
[Result "1-0"]
[WhiteElo "1037"]
[BlackElo "666"]
[PlyCount "73"]
[EventDate "2020.06.04"]
[WhiteTeam "May the Fork Be With You 3"]
[BlackTeam "Entangled States"]

1. d4 d5 2. Bf4 Nc6 3. e3 h5 4. Bd3 Bg4 5. Nf3 f6 6. Bg6+ Kd7 7. h3 e5 8. hxg4
exf4 9. Bf5+ Ke8 10. gxh5 Rh6 11. Nbd2 Qd6 12. Qe2 Nge7 13. Bd3 g5 14. O-O-O
Nb4 15. Kb1 Qa6 16. Bxa6 Nxa6 17. Qb5+ c6 18. Qxb7 Rb8 19. Qxa6 Nf5 20. Qxc6+
Kd8 21. g4 Rc8 22. Qxd5+ Nd6 23. exf4 Rh7 24. fxg5 Rb8 25. g6 Rhb7 26. Nb3 Rb5
27. Qe6 a5 28. Qxf6+ Be7 29. Qf4 a4 30. g7 Kd7 31. Nc5+ Kc7 32. Na6+ Kc8 33.
g8=Q+ Kb7 34. Qxb8+ Kxa6 35. Qa8+ Kb6 36. c4 Nxc4 37. Qfb8# 1-0

[Event "Junior Online 4NCL Division 5"]
[Site "online"]
[Date "2020.06.04"]
[Round "8.9"]
[White "Rahamim, Liad"]
[Black "Sapsford, Oliver"]
[Result "0-1"]
[WhiteElo "1195"]
[BlackElo "1359"]
[PlyCount "36"]
[EventDate "2020.06.04"]
[WhiteTeam "May the Fork Be With You 3"]
[BlackTeam "Entangled States"]

1. d4 e6 2. e4 d5 3. e5 c5 4. c3 Nc6 5. Nf3 Qb6 6. Be3 Qxb2 7. Nbd2 Qxc3 8. Rc1
Qa5 9. a4 Nge7 10. Rb1 Nf5 11. Rb5 Qc7 12. dxc5 a6 13. Rb6 Nxe3 14. fxe3 Bxc5
15. Rb1 Bxe3 16. Rc1 Qb6 17. g3 Bf2+ 18. Ke2 Qe3# 0-1

[Event "Junior Online 4NCL Division 5"]
[Site "online"]
[Date "2020.06.04"]
[Round "8.10"]
[White "Watkins, Gabby"]
[Black "Durling, Charlie"]
[Result "0-1"]
[WhiteElo "1045"]
[BlackElo "1105"]
[PlyCount "68"]
[EventDate "2020.06.04"]
[WhiteTeam "Entangled States"]
[BlackTeam "May the Fork Be With You 3"]

1. c4 Nf6 2. g3 c6 3. Bg2 d5 4. b3 Qd6 5. cxd5 cxd5 6. d4 g6 7. e3 Bg7 8. Ne2
Bg4 9. Nbc3 e6 10. O-O O-O 11. Re1 Nc6 12. e4 dxe4 13. Nxe4 Nxe4 14. Bxe4 Nxd4
15. Qd3 Nxe2+ 16. Kf1 Qxd3 17. Bxd3 Nxc1 18. Raxc1 Rac8 19. Rb1 Rfd8 20. Be4 f5
21. Bxb7 Rc7 22. Ba6 Rd6 23. Bb5 Rc5 24. a4 a6 25. Bc4 Kf7 26. Kg2 Rd2 27. h3
Bd4 28. hxg4 fxg4 29. Bxe6+ Kg7 30. Bc4 Rxf2+ 31. Kh1 Rh5+ 32. Kg1 Rhh2 33. Bd5
Rfg2+ 34. Kf1 Rg1# 0-1

[Event "Junior Online 4NCL Division 5"]
[Site "online"]
[Date "2020.06.04"]
[Round "8.11"]
[White "Barbier-Ramaiah, Rohan Theo"]
[Black "Wynn, Lewis"]
[Result "1-0"]
[WhiteElo "1052"]
[BlackElo "966"]
[PlyCount "59"]
[EventDate "2020.06.04"]
[WhiteTeam "May the Fork Be With You 3"]
[BlackTeam "Entangled States"]

1. d4 d5 2. c4 dxc4 3. e4 e6 4. Bxc4 Nf6 5. Bg5 Bb4+ 6. Nd2 O-O 7. e5 Qxd4 8.
exf6 Rd8 9. fxg7 Bxd2+ 10. Bxd2 Qxc4 11. Nf3 Kxg7 12. Bc3+ Kf8 13. Qc2 Qd3 14.
Bb4+ Kg8 15. Qc1 Nc6 16. Ne5 Nxe5 17. Qg5+ Qg6 18. Qxd8+ Kg7 19. Qf8+ Kf6 20.
Be7+ Kf5 21. O-O Nf3+ 22. Kh1 Nd2 23. Rfd1 Qg5 24. Bxg5 Kxg5 25. Rxd2 b6 26.
Qxf7 Bd7 27. Rd3 Bb5 28. Rg3+ Kh6 29. Qf4+ Kh5 30. Qg5# 1-0

[Event "Junior Online 4NCL Division 5"]
[Site "online"]
[Date "2020.06.04"]
[Round "8.12"]
[White "Rees, Jack"]
[Black "Sharma, Krish"]
[Result "0-1"]
[WhiteElo "666"]
[BlackElo "1037"]
[PlyCount "48"]
[EventDate "2020.06.04"]
[WhiteTeam "Entangled States"]
[BlackTeam "May the Fork Be With You 3"]

1. e4 c6 2. Bc4 d5 3. Bb3 dxe4 4. Nc3 e5 5. Nxe4 f5 6. Ng5 Qxg5 7. d4 Qxg2 8.
dxe5 Qxh1 9. Kf1 Qxh2 10. Qe1 Bc5 11. Qe3 Bxe3 12. Bxe3 Ne7 13. Nf3 Qh1+ 14.
Ng1 f4 15. Bxf4 Bh3+ 16. Ke2 Qe4+ 17. Be3 Bg4+ 18. Kf1 Qxe5 19. f3 Qxe3 20.
fxg4 Nd5 21. Re1 O-O+ 22. Kg2 Qf2+ 23. Kh1 Qh4+ 24. Kg2 Rf2# 0-1

[Event "Junior Online 4NCL Division 5"]
[Site "online"]
[Date "2020.06.04"]
[Round "8.15"]
[White "Dobariya, Asin"]
[Black "Patel, Aaron"]
[Result "0-1"]
[WhiteElo "985"]
[BlackElo "1000"]
[PlyCount "70"]
[EventDate "2020.06.04"]
[WhiteTeam "Leicestershire Juniors 5"]
[BlackTeam "Harrow Juniors F"]

1. e4 e5 2. Nf3 Nc6 3. Bc4 Bc5 4. Nc3 Nf6 5. O-O O-O 6. d3 d6 7. Bg5 Bg4 8. h3
Bh5 9. Nd5 h6 10. Bh4 g5 11. Bg3 Nxd5 12. Bxd5 Qf6 13. c3 Bxf3 14. gxf3 h5 15.
Bh2 Kh8 16. f4 Rg8 17. Qxh5+ Kg7 18. fxg5 Qg6 19. Qh4 Kf8 20. d4 exd4 21. cxd4
Bxd4 22. e5 Bxb2 23. Rab1 Bxe5 24. f4 Bd4+ 25. Kh1 Rb8 26. Rfe1 Ne7 27. Be4 Nf5
28. Qg4 Ra8 29. Bxb7 Rb8 30. Be4 Rxb1 31. Rxb1 Ng3+ 32. Bxg3 Qxe4+ 33. Kh2 Qxb1
34. Qc8+ Kg7 35. Qxc7 Qg1# 0-1

[Event "Junior Online 4NCL Division 5"]
[Site "online"]
[Date "2020.06.04"]
[Round "8.16"]
[White "Pipalia, Ayush"]
[Black "Wakelin, Sam"]
[Result "1-0"]
[WhiteElo "1022"]
[BlackElo "887"]
[PlyCount "105"]
[EventDate "2020.06.04"]
[WhiteTeam "Harrow Juniors F"]
[BlackTeam "Leicestershire Juniors 5"]

1. d4 d5 2. Bf4 Bf5 3. Nf3 Nf6 4. e3 e6 5. Nc3 Nc6 6. a3 a6 7. h3 h6 8. Bd3 Bd6
9. Bxd6 Bxd3 10. Qxd3 Qxd6 11. O-O O-O 12. Na4 Na5 13. Nc5 Nb3 14. Nxb3 Ne4 15.
Na5 b6 16. Nb3 a5 17. Nbd2 c5 18. Nxe4 dxe4 19. Qxe4 cxd4 20. Qxd4 Qxd4 21.
exd4 b5 22. Ne5 f6 23. Nc6 e5 24. dxe5 fxe5 25. Nxe5 Rfe8 26. Ng6 Re6 27. Nf4
Re4 28. Nd5 Re5 29. Nc3 Rae8 30. f4 Re3 31. Nxb5 Re1 32. Rfxe1 Rxe1+ 33. Rxe1
Kh7 34. Re5 a4 35. Nd6 g5 36. Re7+ Kg6 37. Ra7 h5 38. Rxa4 h4 39. fxg5 Kh5 40.
b4 Kxg5 41. b5 Kf6 42. b6 Ke6 43. b7 Kxd6 44. b8=R Ke5 45. Rd8 Ke6 46. Rxh4 Ke7
47. Rd3 Kf8 48. Re3 Kg7 49. Rf3 Kg6 50. Rg4+ Kh5 51. Rg8 Kh4 52. Rf7 Kh5 53.
Rh7# 1-0

[Event "Junior Online 4NCL Division 5"]
[Site "online"]
[Date "2020.06.04"]
[Round "8.17"]
[White "Morris, Conor"]
[Black "Patel, Shailen"]
[Result "0-1"]
[WhiteElo "947"]
[BlackElo "1060"]
[PlyCount "64"]
[EventDate "2020.06.04"]
[WhiteTeam "Leicestershire Juniors 5"]
[BlackTeam "Harrow Juniors F"]

1. e4 c5 2. Qh5 e6 3. Nf3 Nf6 4. Qg5 h6 5. Qe5 d6 6. Qc3 Be7 7. Na3 O-O 8. Bd3
Nc6 9. e5 dxe5 10. Nxe5 Nxe5 11. Qxe5 Bd6 12. Qc3 Bd7 13. Nc4 Bf4 14. g3 Bd6
15. Nxd6 Qb6 16. Nc4 Qc6 17. Ne5 Qxh1+ 18. Bf1 Ne4 19. Qc4 b5 20. Qe2 Rfd8 21.
d3 Ng5 22. f4 Nf3+ 23. Nxf3 Rac8 24. Qf2 Bc6 25. Ng1 Rd4 26. Be3 Rb4 27. Bxc5
Rxb2 28. d4 Be4 29. Ba3 Rbxc2 30. Be2 Bd3 31. Qg2 Qxg2 32. Bf3 Qxg1# 0-1

[Event "Junior Online 4NCL Division 5"]
[Site "online"]
[Date "2020.06.04"]
[Round "8.18"]
[White "Horwood, Alexander"]
[Black "Garg, Aarav"]
[Result "0-1"]
[WhiteElo "1000"]
[BlackElo "850"]
[PlyCount "54"]
[EventDate "2020.06.04"]
[WhiteTeam "Harrow Juniors F"]
[BlackTeam "Leicestershire Juniors 5"]

1. e4 e5 2. Nf3 Nc6 3. Nc3 Bc5 4. b3 Nf6 5. d4 exd4 6. Bc4 h6 7. Be3 dxe3 8.
fxe3 O-O 9. O-O d6 10. Qb1 Bg4 11. e5 Ne4 12. Nxe4 dxe5 13. Nxc5 Bxf3 14. gxf3
Qg5+ 15. Kf2 Rae8 16. f4 exf4 17. exf4 Qxf4+ 18. Kg1 Qe3+ 19. Kh1 Ne5 20. Kg2
Rd8 21. Rf2 Rd4 22. c3 Rg4+ 23. Kf1 Nf3 24. Rg2 Rxg2 25. Kxg2 Nh4+ 26. Kf1 Qf3+
27. Kg1 Qg2# 0-1

[Event "Junior Online 4NCL Division 5"]
[Site "online"]
[Date "2020.06.04"]
[Round "8.19"]
[White "Patel, Aaron"]
[Black "Dobariya, Asin"]
[Result "1-0"]
[WhiteElo "1000"]
[BlackElo "985"]
[PlyCount "135"]
[EventDate "2020.06.04"]
[WhiteTeam "Harrow Juniors F"]
[BlackTeam "Leicestershire Juniors 5"]

1. e4 e5 2. Nf3 Nc6 3. Bc4 Bc5 4. c3 h6 5. d4 exd4 6. cxd4 Bb6 7. d5 Nb4 8. a3
Na6 9. b4 c6 10. a4 cxd5 11. Bxd5 Nxb4 12. Qb3 Nxd5 13. Qxd5 Bc7 14. Ba3 Nf6
15. Qc5 d6 16. Qc3 O-O 17. O-O d5 18. Bxf8 Qxf8 19. exd5 Nxd5 20. Qc4 Qd6 21.
Rd1 Bg4 22. Rxd5 Qf4 23. Qxf4 Bxf4 24. h3 Bxf3 25. gxf3 Re8 26. Nc3 Re7 27.
Rd8+ Kh7 28. Nd5 Re6 29. Nxf4 Rf6 30. Nh5 Rxf3 31. Re1 g6 32. Ng3 g5 33. Ree8
h5 34. Rh8+ Kg6 35. Rdg8+ Kf6 36. Nxh5+ Kf5 37. Rf8 Rb3 38. Rxf7+ Ke4 39. Re8+
Kd3 40. Rd7+ Kc2 41. Rc8+ Kb2 42. Rb8 b5 43. Rxb5 Ka3 44. Rxb3+ Kxb3 45. Nf6 a5
46. Rb7+ Kxa4 47. Nd5 Ka3 48. Nc3 g4 49. Nb1+ Ka4 50. Nc3+ Ka3 51. hxg4 a4 52.
Ra7 Kb3 53. Nb5 a3 54. Rxa3+ Kc4 55. g5 Kd5 56. g6 Ke6 57. g7 Kf7 58. Ra7+ Kg8
59. Nd6 Kh7 60. f4 Kg6 61. f5+ Kf6 62. g8=Q Ke5 63. Qe6+ Kd4 64. Ra4+ Kd3 65.
Qe4+ Kc3 66. Qc4+ Kb2 67. Rb4+ Ka3 68. Qb3# 1-0

[Event "Junior Online 4NCL Division 5"]
[Site "online"]
[Date "2020.06.04"]
[Round "8.20"]
[White "Wakelin, Sam"]
[Black "Pipalia, Ayush"]
[Result "0-1"]
[WhiteElo "887"]
[BlackElo "1022"]
[PlyCount "44"]
[EventDate "2020.06.04"]
[WhiteTeam "Leicestershire Juniors 5"]
[BlackTeam "Harrow Juniors F"]

1. d4 Nf6 2. Nf3 d5 3. Bf4 Bf5 4. e4 dxe4 5. Ng5 h6 6. Nxf7 Kxf7 7. c3 e6 8.
Qa4 Bd6 9. Bxd6 Qxd6 10. Bb5 Rf8 11. Na3 Kg8 12. Nc4 Qf4 13. g3 Qf3 14. O-O Bh3
15. Ne3 Bxf1 16. Nxf1 Ng4 17. Be8 Qxf2+ 18. Kh1 Nc6 19. Bf7+ Rxf7 20. Ne3 Qxe3
21. d5 Qf2 22. Qd1 Qxh2# 0-1

[Event "Junior Online 4NCL Division 5"]
[Site "online"]
[Date "2020.06.04"]
[Round "8.21"]
[White "Patel, Shailen"]
[Black "Morris, Conor"]
[Result "1-0"]
[WhiteElo "1060"]
[BlackElo "947"]
[PlyCount "99"]
[EventDate "2020.06.04"]
[WhiteTeam "Harrow Juniors F"]
[BlackTeam "Leicestershire Juniors 5"]

1. e4 e5 2. Nf3 Nc6 3. Nc3 Nf6 4. Bb5 Bb4 5. a3 Bxc3 6. bxc3 Nxe4 7. O-O Nd6 8.
Bxc6 bxc6 9. Nxe5 Qg5 10. d3 Qxe5 11. d4 Qh5 12. Qxh5 Nf5 13. Qxf5 d6 14. Re1+
Kd8 15. Bg5+ f6 16. Bxf6+ gxf6 17. Qxf6+ Kd7 18. Qxh8 Rb8 19. Rab1 Rxb1 20.
Rxb1 Ba6 21. h4 Bc4 22. Rb4 Be2 23. Qxh7+ Kc8 24. Qh8+ Kd7 25. f3 d5 26. Kf2 c5
27. dxc5 Bd1 28. Rd4 Bxc2 29. Rxd5+ Kc6 30. Rd2 Bb1 31. Qh6+ Kxc5 32. Qg5+ Kc4
33. Qe5 c5 34. Rb2 Bg6 35. Rb4+ Kd3 36. Rb5 Kc4 37. Qxc5+ Kd3 38. c4 Kc3 39.
Qc6 Bf5 40. Rxf5 Kb2 41. Qa4 Kc1 42. c5 Kd2 43. Re5 Kc3 44. c6 Kd3 45. Re3+ Kd2
46. c7 Kc1 47. Qb4 Kc2 48. c8=Q+ Kd1 49. Qbc4 Kd2 50. Qd8# 1-0

[Event "Junior Online 4NCL Division 5"]
[Site "online"]
[Date "2020.06.04"]
[Round "8.22"]
[White "Garg, Aarav"]
[Black "Horwood, Alexander"]
[Result "1-0"]
[WhiteElo "850"]
[BlackElo "1000"]
[PlyCount "69"]
[EventDate "2020.06.04"]
[WhiteTeam "Leicestershire Juniors 5"]
[BlackTeam "Harrow Juniors F"]

1. e4 e5 2. Nf3 Nf6 3. Bc4 Nc6 4. Nc3 Bc5 5. O-O O-O 6. d3 d5 7. exd5 Bg4 8.
dxc6 b6 9. Bg5 e4 10. Bxf6 gxf6 11. dxe4 b5 12. Qxd8 Raxd8 13. Bxb5 a6 14. Bxa6
Ra8 15. Bb7 Rab8 16. h3 Rxb7 17. cxb7 Bxf3 18. gxf3 Rb8 19. Na4 Rxb7 20. Nxc5
Rb5 21. Nd7 Rd5 22. Nxf6+ Kf8 23. Nxd5 c5 24. Rad1 f6 25. Nxf6 Kf7 26. Nxh7 Kg7
27. Ng5 Kg6 28. Ne6 Kf6 29. Nxc5 Ke5 30. Rd7 Kf4 31. Ne6+ Ke5 32. Ng5 Kf4 33.
Rfd1 Kxg5 34. R1d5+ Kf4 35. Rf7# 1-0